00753nam a2200145Ia 4500008004100000020001600041050001700057245006300074260021700137300001800354490002200372500005900394505012000453650003400573120626s2009 mx 000 0 spa d a97860707440 aLB2396 bT87 aTutoría y mediación 1c/ coordinadora Patricia Ducoing aMéxico, D.F. b: UNAM, Instituto de Investigaciones sobre la Universidad y la Educación b: Asociación Francófona Internacional de Investigación en Ciencias de la Educación, Sección Mexicanac, 2009 a256 páginas aiisue educación aIncluye: Presentación de Patricia Ducoing (pp. 9-24) aAlgunos elementos conceptuales en torno a la tutoría la tutoría en el posgrado Los tutores y su formación 0aTUTORES Y TUTORÍAzMÉXICO